00530nam a22001697a 4500003000900000005001700009008003700026020001500063040002200078082001700100100002000117245011900137250001000256260003800266300003400304700002200338DO-SdBNP20171127145039.0171127b 1989 mx a |||| 00| 0 spa d a9688801704 aBPMSUbspacBPMSU axxxxxbxxxxx1 aI. Sandor, Bela1 aIngeniería mecánica dinámica /cBela I. Sandor, Karen J. Richter ; traducción Armando Celorio Vila señor a2a ed aMéxico :bPrentoce-Hall.c1989. axiii, 981 p. :bil. :c26 cm.1 aJ. Richter, Karen